KOHA-Header-6

Japan Profile Of A Nation (Record no. 2906)

000 -LEADER
fixed length control field 00287nam a2200121Ia 4500
008 - FIXED-LENGTH DATA ELEMENTS--GENERAL INFORMATION
fixed length control field 190902s9999||||xx |||||||||||||| ||und||
020 ## - INTERNATIONAL STANDARD BOOK NUMBER
International Standard Book Number 978-969-407-402-3
100 ## - MAIN ENTRY--PERSONAL NAME
Personal name Japan
245 #0 - TITLE STATEMENT
Title Japan Profile Of A Nation
260 ## - PUBLICATION, DISTRIBUTION, ETC. (IMPRINT)
Place of publication, distribution, etc London
Name of publisher, distributor, etc Prentice Hall
Date of publication, distribution, etc 1994
300 ## - PHYSICAL DESCRIPTION
Extent 360
942 ## - ADDED ENTRY ELEMENTS (KOHA)
Koha item type Books
Holdings
Withdrawn status Lost status Source of classification or shelving scheme Damaged status Not for loan Collection code Permanent Location Current Location Shelving location Date acquired Barcode Date last seen Price effective from Koha item type
          English Literature MAJU MAJU Shelf No.A14 2019-09-02 6577 2019-09-02 2019-09-02 English Literature

Powered by Koha